[Event "GER M07-C email"]
[Site "GER email"]
[Date "2018.06.19"]
[Round "?"]
[White "Trofimov, Vladimir Markovich"]
[Black "Doric, Nenad"]
[Result "1/2-1/2"]
[WhiteElo "2426"]
[BlackElo "2408"]
[PlyCount "82"]
[EventDate "2018.??.??"]
[EventType "tourn (corr)"]
[EventRounds "10"]
[EventCountry "GER"]
[SourceTitle "Corr 2020"]
[Source "ChessBase"]
[SourceDate "2019.09.30"]
[SourceVersion "1"]
[SourceVersionDate "2019.09.30"]
[SourceQuality "1"]

1. e4 e5 2. Nf3 Nc6 3. Bb5 a6 4. Ba4 Nf6 5. 0-0 Be7 6. Re1 b5 7. Bb3 0-0 8. c3 d5 9. exd5 Nxd5 10. Nxe5 Nxe5 11. Rxe5 c6 12. d4 Bd6 13. Re1 Qh4 14. g3 Qh3 15. Be3 Bg4 16. Qd3 Rae8 17. Nd2 Qh5 18. Bxd5 cxd5 19. a4 Bf5 20. Qe2 Bg4 21. f3 Bd7 22. b3 bxa4 23. bxa4 Re6 24. Nf1 Qh3 25. Qg2 Qf5 26. Bd2 Qd3 27. Ne3 Rb8 28. Qe2 Qg6 29. Qf2 Rb2 30. Nd1 Rxe1+ 31. Qxe1 Rb1 32. Rxb1 Qxb1 33. Ne3 Qa2 34. a5 Bc7 35. c4 dxc4 36. Bc3 h5 37. Qd2 Qb1+ 38. Qe1 Qa2 39. Qd2 Qb1+ 40. Qe1 Qb3 41. Kf2 Bd6 1/2-1/2

[Event "GER M07-C email"]
[Site "GER email"]
[Date "2018.06.19"]
[Round "?"]
[White "Trofimov, Vladimir Markovich"]
[Black "Khanas, Valeriy"]
[Result "0-1"]
[WhiteElo "2426"]
[BlackElo "2401"]
[PlyCount "190"]
[EventDate "2018.??.??"]
[EventType "tourn (corr)"]
[EventRounds "10"]
[EventCountry "GER"]
[SourceTitle "Corr 2022"]
[Source "ChessBase"]
[SourceDate "2021.10.24"]
[SourceVersion "1"]
[SourceVersionDate "2021.10.24"]
[SourceQuality "1"]

1. e4 e5 2. Nf3 Nc6 3. Bb5 a6 4. Ba4 Nf6 5. 0-0 b5 6. Bb3 Bb7 7. d3 Be7 8. a4 0-0 9. Re1 d6 10. Nbd2 Na5 11. Ba2 c5 12. Nf1 Bc8 13. h3 Bd7 14. Ne3 bxa4 15. Bb1 Rb8 16. Bd2 Ne8 17. b3 Nc6 18. Rxa4 Nb4 19. Ra3 Nc7 20. c3 Nc6 21. Bc2 h6 22. Ra4 Bf6 23. Bc1 Re8 24. Ra2 Be6 25. Bd2 Qc8 26. Nc4 Rd8 27. Ne3 Re8 28. Nc4 Qd7 29. Ra1 Red8 30. Qe2 Rb5 31. Reb1 Rb7 32. Ne3 Ra8 33. Bc1 a5 34. Ra4 g6 35. Rba1 Bg7 36. Qd1 Qd8 37. Bd2 d5 38. Qc1 Kh7 39. Qe1 dxe4 40. dxe4 Bxb3 41. Bxb3 Rxb3 42. Qe2 Rab8 43. Be1 Ne6 44. Rd1 Qb6 45. Raa1 Qb5 46. Qxb5 R3xb5 47. Nd5 Ra8 48. Nd2 f5 49. Ra4 f4 50. Nc4 Rab8 51. f3 g5 52. h4 Rb1 53. Ra1 Rxa1 54. Rxa1 Kg6 55. Kh2 Bf8 56. Bf2 Kf7 57. Ndb6 Be7 58. hxg5 hxg5 59. g4 Nc7 60. Na4 Rb5 61. Kg2 Ne8 62. Rd1 Ke6 63. Na3 Rb3 64. Ra1 Kf7 65. Nc4 Rb5 66. Rd1 Ke6 67. Kf1 Nf6 68. Ke2 Nd7 69. Kd3 Nd8 70. Kc2 Nf7 71. Nab2 Nh8 72. Ra1 Bd8 73. Rd1 Be7 74. Ra1 Bd8 75. Na4 Ng6 76. Kd3 Be7 77. Ra2 Bd8 78. Nd2 Kd6 79. Kc4 Kc6 80. Ra1 Rb8 81. Kd3 Bc7 82. Ke2 Rh8 83. Nb2 Kb5 84. Nb3 Ngf8 85. c4+ Ka6 86. Na4 Ne6 87. Naxc5+ Ndxc5 88. Nxc5+ Nxc5 89. Bxc5 Rh2+ 90. Kd3 Kb7 91. Rf1 Kc6 92. Be7 a4 93. Bb4 Rh3 94. Kc3 Bb6 95. c5 Bxc5 0-1